000 00551nam a2200157 i 4500
001 90009
003 ES-MaACL
007 t|
008 050117s1921 fr ||||1| fre d
100 1 _aLee, Vernon.
_971195
245 1 4 _aLes mensonges vitaux
_b: études sur quelques varietés de l'obscurantisme contemporain /
_cpar Vernon Lee ; traduit de l'anglais par Eugène-Bernard Leroy.
260 _aParis :
_b[s.n.],
_c1921 (
_eTours :
_fE. Arrault)
300 _a368 p. ;
_c22 cm.
700 1 _aLeroy, Eugène-Bernard.
_971798
852 _aES-MaACL
_jB-6832
999 _c90009
_d90009